|
|
|
|
| LEADER |
00000cam a2200000 i 4500 |
| 001 |
1/40494 |
| 008 |
931007s1976 gr | ||| |||| ||gre|| |
| 035 |
|
|
|a 1986
|c Αγορά
|l 10025239
|
| 035 |
|
|
|a 1989
|b 2
|c Δωρεά
|
| 040 |
|
|
|a GR-MyUA
|b gre
|e AACR2
|
| 041 |
0 |
|
|a gre
|
| 082 |
0 |
|
|a 401.9
|
| 100 |
1 |
|
|a Βέλτσος, Γιώργος E.,
|d 1944-
|
| 245 |
1 |
0 |
|a Κοινωνία και γλώσσα :
|b για την αμίλητη και τη μιλημένη γλώσσα /
|c Γιώργος Σ. Βέλτσος ; πρόλογος Νίκου Πουλαντζά.
|
| 250 |
|
|
|a 2η έκδ.
|
| 260 |
|
|
|a Αθήνα :
|b Παπαζήση,
|c 1976.
|
| 300 |
|
|
|a 207 σ. ;
|c 21 εκ.
|
| 504 |
|
|
|a Βιβλιογραφία: σ. 201-203.
|
| 650 |
0 |
0 |
|a Sociolinguistics.
|
| 650 |
|
0 |
|a Semiotics.
|
| 700 |
1 |
|
|a Πουλαντζάς, Νίκος Α.,
|d 1936-1979,
|e aui
|
| 852 |
|
|
|a INST
|b CHIOS
|e 19960229
|h 401.9 ΒΕΛ
|p 005200004901
|q 005200004901
|t BK
|y 0
|
| 852 |
|
|
|a INST
|b LESVOS
|e 19950517
|h 306.44 ΒΕΛ
|p 005100004761
|q 005100004761
|t BK
|y 0
|
| 852 |
|
|
|a INST
|b RHODES
|e 19931007
|h 306.44 ΒΕΛ
|p 005400003950
|q 005400003950
|t BK
|y 0
|
| 852 |
|
|
|a INST
|b RHODES
|e 19960722
|h 306.44 ΒΕΛ
|p 005400007864
|q 005400007864
|t BK
|y 0
|
| 852 |
|
|
|a INST
|b SAMOS
|e 20070515
|h 401.9 ΒΕΛ
|p 005300026366
|q 005300026366
|t BK
|y 0
|
| 901 |
|
|
|a BIBL3-2007-2
|